Mýty inteligentný priemysel nezastavia

Skúsenosti manažérov ukazujú, že čas oboznamovať sa s novým digitálnym prístupom k riadeniu a optimalizácuii výroby už nastal. Čo všetko je Industry 4.0, kto ho dodá, kde nájsť zamestnancov 4.0. Najčastejšie mýty o Industry 4.0.

Saved in:
Bibliographic Details
Main Author: Miháliková, Veronika
Other Authors: Rifaiová, Daniela
Format: Book Chapter
Language:Slovak
Subjects:
Tags: Add Tag
No Tags, Be the first to tag this record!

MARC

LEADER 00000naa a2200000 4500
001 0234383
005 20170712133550.4
041 0 |a slo 
044 |a SK 
245 1 0 |a Mýty inteligentný priemysel nezastavia  |c Veronika Miháliková, Daniela Rifaiová 
520 |a Skúsenosti manažérov ukazujú, že čas oboznamovať sa s novým digitálnym prístupom k riadeniu a optimalizácuii výroby už nastal. Čo všetko je Industry 4.0, kto ho dodá, kde nájsť zamestnancov 4.0. Najčastejšie mýty o Industry 4.0. 
610 2 0 |a priemysel 4.0 
610 2 0 |a podnik digitálny 
610 2 0 |a manažéri 
610 2 0 |a Slovensko 
100 1 |a Miháliková, Veronika 
700 1 |a Rifaiová, Daniela